[Event "Rhone op"]
[Site "Marcy Etoile"]
[Date "2007.04.01"]
[Round "1"]
[White "Jouve, Pascal"]
[Black "Safranska, Anda"]
[Result "0-1"]
[WhiteElo "1820"]
[BlackElo "2295"]
[PlyCount "64"]
[EventDate "2007.04.01"]
[EventType "swiss"]
[EventRounds "9"]
[EventCountry "FRA"]
[SourceTitle "CBM 117 Extra"]
[Source "ChessBase"]
[SourceDate "2007.05.09"]
[SourceVersion "1"]
[SourceVersionDate "2007.05.09"]
[SourceQuality "1"]

1. e4 g6 2. d4 Bg7 3. Be3 c6 4. c3 Nf6 5. Nd2 0-0 6. Bd3 d5 7. f3 dxe4 8. Nxe4 Nd5 9. Bg5 h6 10. Bd2 Nd7 11. Qc1 Kh7 12. h4 f5 13. Nf2 e5 14. c4 Ne7 15. Qc2 exd4 16. Ngh3 Ne5 17. 0-0-0 c5 18. Nf4 Bd7 19. Rde1 b5 20. b3 a6 21. h5 g5 22. Ng6 N7xg6 23. hxg6+ Kxg6 24. Ng4 Nxd3+ 25. Qxd3 bxc4 26. bxc4 Rb8 27. Ne5+ Bxe5 28. Rxe5 Qb6 29. Rhe1 Rf6 30. g4 Qb2+ 31. Kd1 Ba4+ 32. Ke2 Bc2 0-1

[Event "Montigny le Bretonneux op 5th"]
[Site "Montigny le Bretonneux"]
[Date "2006.11.04"]
[Round "8.1"]
[White "Hurlot, Rodolphe"]
[Black "Jouve, Pascal"]
[Result "1-0"]
[WhiteElo "1630"]
[BlackElo "1450"]
[PlyCount "39"]
[EventDate "2006.10.28"]
[EventType "swiss"]
[EventRounds "9"]
[EventCountry "FRA"]
[SourceTitle "EXT 2007"]
[Source "ChessBase"]
[SourceDate "2006.11.23"]
[SourceVersion "1"]
[SourceVersionDate "2006.11.23"]
[SourceQuality "1"]

1. d4 d5 2. c4 dxc4 3. Nc3 e5 4. d5 Nf6 5. e4 c6 6. Bg5 Be7 7. Bxf6 Bxf6 8. Bxc4 0-0 9. d6 b5 10. Bb3 a6 11. Nf3 Bb7 12. 0-0 c5 13. Bd5 Ra7 14. Bxb7 Rxb7 15. Qd5 Rd7 16. Rfd1 Qb6 17. Nxe5 Bxe5 18. Qxe5 Rfd8 19. Nd5 Qc6 20. Ne7+ 1-0

[Event "Lyon op"]
[Site "Lyon"]
[Date "2005.04.16"]
[Round "1"]
[White "Jouve, Pascal"]
[Black "Safranska, Anda"]
[Result "0-1"]
[WhiteElo "1760"]
[BlackElo "2298"]
[PlyCount "30"]
[EventDate "2005.04.16"]
[EventType "swiss"]
[EventRounds "9"]
[EventCountry "FRA"]
[SourceTitle "CBM 105 Extra"]
[Source "ChessBase"]
[SourceDate "2005.05.01"]
[SourceVersion "1"]
[SourceVersionDate "2005.05.01"]
[SourceQuality "1"]

1. c4 g6 2. Nc3 Bg7 3. g3 Nf6 4. Bg2 0-0 5. e3 e5 6. Nge2 d6 7. 0-0 Nc6 8. d4 Bd7 9. a3 Qc8 10. Re1 Bh3 11. Bh1 Re8 12. Qc2 exd4 13. Bxc6 bxc6 14. exd4 Qg4 15. Be3 g5 0-1